| 000 | 00000nam 2200000za 4500 |
| 001 | 9.855975 |
| 003 | CaOODSP |
| 005 | 20221107155429 |
| 007 | cr ||||||||||| |
| 008 | 180430s2012 onc |o f000 0 fre d |
| 040 | |aCaOODSP|bfre |
| 043 | |an-cn--- |
| 086 | 1 |aM144-173/2012F-PDF |
| 245 | 03|aLe programme écoÉNERGIE sur l’efficacité énergétique pour les bâtiments |h[ressource électronique]. |
| 260 | |a[Ottawa] : |bRessources naturelles Canada, |cc2012. |
| 300 | |a[2] p. |
| 500 | |aPubl. aussi en anglais sous le titre : ecoENERGY efficiency for buildings. |
| 500 | |aTitre de départ. |
| 500 | |a« Révisé en mars 2012. » |
| 504 | |aComprend des références bibliographiques. |
| 520 | |a« Le secteur canadien des bâtiments peut apporter une importante contribution à la réduction des gaz à effet de serre. Près de un demimillion d’établissements commerciaux et institutionnels fournissent des locaux aux réseaux de l’éducation et de la santé, au gouvernement et à des entreprises. Ces établissements représentent 14 p. 100 de la consommation d’énergie et 13 p. 100 des émissions de gaz à effet de serre »--p. [1]. |
| 692 | 07|2gccst|aRendement énergétique |
| 692 | 07|2gccst|aBâtiment |
| 710 | 1 |aCanada. |bRessources naturelles Canada. |
| 710 | 1 |aCanada. |bOffice de l'efficacité énergétique. |
| 775 | 08|tecoENERGY efficiency for buildings |w(CaOODSP)9.846295 |
| 856 | 40|qPDF|s755 Ko|uhttps://publications.gc.ca/collections/collection_2018/rncan-nrcan/M144-173-2012-fra.pdf |